[Event "Abu Dhabi op 13th"]
[Site "Abu Dhabi"]
[Date "2003.08.23"]
[Round "7"]
[White "Poluljahov, Aleksandr"]
[Black "Vladimirov, Yevgeniy"]
[Result "1/2-1/2"]
[WhiteElo "2530"]
[BlackElo "2606"]
[PlyCount "112"]
[EventDate "2003.08.16"]
[EventType "swiss"]
[EventRounds "9"]
[EventCountry "UAE"]
[SourceTitle "CBM 097"]
[Source "ChessBase"]
[SourceDate "2003.11.11"]
[SourceVersion "1"]
[SourceVersionDate "2003.11.11"]
[SourceQuality "1"]

1. e4 c5 2. Nf3 d6 3. c3 Nf6 4. Bd3 g6 5. Bc2 Bg7 6. 0-0 e5 7. d4 exd4 8. cxd4 0-0 9. Nc3 Bg4 10. dxc5 dxc5 11. Be3 Nfd7 12. Ba4 a6 13. Qd5 Nc6 14. Ng5 Bd4 15. Bxd4 cxd4 16. f3 dxc3 17. fxg4 cxb2 18. Rab1 Nde5 19. Qxd8 Raxd8 20. Bxc6 Nxc6 21. Rxb2 b5 22. h3 Ne5 23. Rf6 Rd1+ 24. Kh2 Ra8 25. Nf3 Kg7 26. g5 Nc4 27. Re2 h6 28. h4 hxg5 29. hxg5 Nd6 30. Kg3 a5 31. Kf4 Rc8 32. Rd2 Rxd2 33. Nxd2 Ne8 34. Rb6 Rc2 35. Nb3 a4 36. Nd4 Rxa2 37. Rxb5 Rxg2 38. Ra5 Ra2 39. Ra7 Ra1 40. Ke5 Rg1 41. Kf4 Rf1+ 42. Ke5 Ra1 43. Ne6+ Kg8 44. Ra8 fxe6 45. Rxe8+ Kf7 46. Ra8 a3 47. Ra7+ Kg8 48. Kf6 a2 49. Kxg6 Kf8 50. e5 Ke8 51. Kg7 Rg1 52. Rxa2 Rxg5+ 53. Kf6 Rh5 54. Ra8+ Kd7 55. Ra7+ Ke8 56. Rg7 Rh1 1/2-1/2

[Event "Abu Dhabi op 13th"]
[Site "Abu Dhabi"]
[Date "2003.08.17"]
[Round "2"]
[White "Vladimirov, Yevgeniy"]
[Black "Hasangatin, Ramil"]
[Result "1-0"]
[WhiteElo "2606"]
[BlackElo "2515"]
[PlyCount "105"]
[EventDate "2003.08.16"]
[EventType "swiss"]
[EventRounds "9"]
[EventCountry "UAE"]
[SourceTitle "CBM 097"]
[Source "ChessBase"]
[SourceDate "2003.11.11"]
[SourceVersion "1"]
[SourceVersionDate "2003.11.11"]
[SourceQuality "1"]

1. d4 d5 2. c4 c6 3. Nf3 dxc4 4. e3 Be6 5. a4 Nf6 6. Na3 c5 7. Nxc4 Nc6 8. Nce5 Nxe5 9. Nxe5 a6 10. a5 cxd4 11. Qa4+ Nd7 12. exd4 g6 13. Bc4 Bxc4 14. Nxc4 Qc7 15. Nb6 Rd8 16. 0-0 Bg7 17. Bg5 0-0 18. Bxe7 Nxb6 19. Bxd8 Rxd8 20. axb6 Qxb6 21. Rae1 Qxd4 22. Qxd4 Rxd4 23. b3 Rb4 24. Re3 Bf6 25. Rc1 Kg7 26. Rc4 Rxc4 27. bxc4 Bd4 28. Ra3 Kf6 29. Kf1 h5 30. Ke2 Ke6 31. Ra2 Kd6 32. Kd3 Kc5 33. Re2 b6 34. f4 Bg1 35. h3 Kb4 36. Rb2+ Kc5 37. Rb1 Bh2 38. Rf1 f5 39. Kc3 h4 40. Kb3 Bg3 41. Rd1 Bxf4 42. Rd5+ Kc6 43. Rd8 Be3 44. Re8 f4 45. Re6+ Kc5 46. Rxg6 Bf2 47. Re6 b5 48. cxb5 axb5 49. Kc3 Kd5 50. Re8 Kc5 51. Re5+ Kc6 52. Kb4 Kd6 53. Rxb5 1-0

[Event "Abu Dhabi op 13th"]
[Site "Abu Dhabi"]
[Date "2003.08.16"]
[Round "1"]
[White "Adly, Ahmed"]
[Black "Vladimirov, Yevgeniy"]
[Result "0-1"]
[WhiteElo "2429"]
[BlackElo "2606"]
[PlyCount "108"]
[EventDate "2003.08.16"]
[EventType "swiss"]
[EventRounds "9"]
[EventCountry "UAE"]
[SourceTitle "CBM 097"]
[Source "ChessBase"]
[SourceDate "2003.11.11"]
[SourceVersion "1"]
[SourceVersionDate "2003.11.11"]
[SourceQuality "1"]

1. d4 d5 2. Nf3 Nf6 3. e3 c5 4. b3 Nc6 5. Bb2 Bg4 6. Nbd2 cxd4 7. exd4 e6 8. Be2 Bd6 9. Ne5 Bf5 10. 0-0 Qc7 11. f4 Nb4 12. a3 Qxc2 13. axb4 Qxb2 14. Ndc4 dxc4 15. Nxc4 Qc3 16. Nxd6+ Ke7 17. Nxf5+ exf5 18. Rf3 Qxb4 19. Re3+ Kf8 20. Bf3 g6 21. Rc1 Qb6 22. Rc4 Rd8 23. Qd2 Kg7 24. Rb4 Qa5 25. Re5 Nd5 26. Bxd5 Rxd5 27. Qe1 b6 28. h3 Rc8 29. Re7 Rc1 30. Qxc1 Qxb4 31. Qc7 Qxd4+ 32. Kh2 Qf6 33. Qxa7 Rd3 34. Rb7 Rxb3 35. Qb8 Qh4 36. Rxb6 Rxb6 37. Qxb6 Qxf4+ 38. Kh1 Qe5 39. Qf2 f4 40. Qf1 Kh6 41. Qc1 Kg7 42. Qf1 h5 43. Qd1 Kh6 44. Qc1 Qe3 45. Qf1 Kg5 46. Qb1 Kh4 47. Kh2 f6 48. Qa1 Kg5 49. Qf1 Qg3+ 50. Kh1 Qe3 51. Qb5+ Kh4 52. Qf1 Kg3 53. Qb1 g5 54. Qd1 f3 0-1

[Event "Commonwealth-ch"]
[Site "Mumbai"]
[Date "2003.04.27"]
[Round "10"]
[White "Vladimirov, Yevgeniy"]
[Black "Fominyh, Alexander"]
[Result "1-0"]
[WhiteElo "2597"]
[BlackElo "2529"]
[PlyCount "53"]
[EventDate "2003.04.20"]
[EventType "swiss"]
[EventRounds "10"]
[EventCountry "IND"]
[SourceTitle "CBM 093 Extra"]
[Source "ChessBase"]
[SourceDate "2003.05.09"]
[SourceVersion "1"]
[SourceVersionDate "2003.05.09"]
[SourceQuality "1"]

1. d4 d5 2. Nf3 Nf6 3. c4 dxc4 4. e3 Bg4 5. Bxc4 e6 6. Nc3 Nbd7 7. 0-0 c6 8. Be2 Be7 9. e4 0-0 10. Be3 Bb4 11. e5 Nd5 12. Nxd5 cxd5 13. Rc1 Nb8 14. Ng5 Bf5 15. Bd3 Be7 16. Bxf5 exf5 17. Qh5 Bxg5 18. Bxg5 Qb6 19. Be7 Re8 20. Qxf5 Nc6 21. Bc5 Qxb2 22. Rb1 Qxa2 23. Rxb7 Nd8 24. Rc7 Kh8 25. Qd7 Ne6 26. Rxa7 Nxc5 27. Qxe8+ 1-0

[Event "Commonwealth-ch"]
[Site "Mumbai"]
[Date "2003.04.26"]
[Round "9"]
[White "Kasimdzhanov, Rustam"]
[Black "Vladimirov, Yevgeniy"]
[Result "1/2-1/2"]
[WhiteElo "2680"]
[BlackElo "2597"]
[PlyCount "31"]
[EventDate "2003.04.20"]
[EventType "swiss"]
[EventRounds "10"]
[EventCountry "IND"]
[SourceTitle "CBM 093 Extra"]
[Source "ChessBase"]
[SourceDate "2003.05.09"]
[SourceVersion "1"]
[SourceVersionDate "2003.05.09"]
[SourceQuality "1"]

1. e4 c5 2. Nf3 Nc6 3. Bb5 Nf6 4. e5 Nd5 5. 0-0 Nc7 6. Bxc6 dxc6 7. Nc3 Bg4 8. h3 Bxf3 9. Qxf3 g6 10. d3 Bg7 11. Qe4 Qd4 12. Re1 Qxe4 13. Rxe4 0-0-0 14. f4 f5 15. Re1 Ne6 16. Be3 1/2-1/2

[Event "Commonwealth-ch"]
[Site "Mumbai"]
[Date "2003.04.23"]
[Round "6"]
[White "Vladimirov, Yevgeniy"]
[Black "Safin, Shukhrat"]
[Result "1-0"]
[WhiteElo "2597"]
[BlackElo "2523"]
[PlyCount "77"]
[EventDate "2003.04.20"]
[EventType "swiss"]
[EventRounds "10"]
[EventCountry "IND"]
[SourceTitle "CBM 093 Extra"]
[Source "ChessBase"]
[SourceDate "2003.05.09"]
[SourceVersion "1"]
[SourceVersionDate "2003.05.09"]
[SourceQuality "1"]

1. d4 Nf6 2. c4 g6 3. Nf3 Bg7 4. g3 c5 5. Bg2 Qa5+ 6. Bd2 Qb6 7. dxc5 Qxc5 8. Qb3 Nc6 9. 0-0 0-0 10. Be3 Qh5 11. h3 d6 12. Ng5 h6 13. Bf3 Nd4 14. Bxd4 Qxg5 15. h4 Qa5 16. Nc3 Rb8 17. Bxf6 exf6 18. Rfd1 Be6 19. Rxd6 f5 20. Rad1 Qc5 21. Na4 Qc7 22. Qe3 Bxc4 23. b3 Bb5 24. Qxa7 Be5 25. R6d5 Bc6 26. Rc5 Bxg3 27. Bxc6 Qf4 28. Rc4 Bh2+ 29. Kg2 Qe5 30. Bf3 b5 31. Rc5 Qf4 32. Nb6 Qxh4 33. Rh1 Qd4 34. Rd5 Qf6 35. Nd7 Qg5+ 36. Kxh2 Qf4+ 37. Kg2 Qg5+ 38. Kh3 Rbe8 39. Qd4 1-0

[Event "Dubai op"]
[Site "Dubai"]
[Date "2002.04.22"]
[Round "6"]
[White "Vladimirov, Yevgeniy"]
[Black "Mamedyarov, Shakhriyar"]
[Result "1-0"]
[WhiteElo "2605"]
[BlackElo "2542"]
[PlyCount "47"]
[EventDate "2002.04.15"]
[EventType "swiss"]
[EventRounds "9"]
[EventCountry "UAE"]
[SourceTitle "CBM 087 Extra"]
[Source "ChessBase"]
[SourceDate "2002.05.03"]
[SourceVersion "2"]
[SourceVersionDate "2002.08.09"]
[SourceQuality "1"]

1. Nf3 Nf6 2. c4 g6 3. Nc3 d5 4. Qa4+ Bd7 5. Qb3 dxc4 6. Qxc4 Bg7 7. e4 Bc6 8. Bd3 a6 9. Bc2 b5 10. Qb3 Nbd7 11. d4 e6 12. 0-0 0-0 13. Bf4 Qb8 14. Rfe1 a5 15. Bd3 b4 16. Na4 Qb7 17. Rac1 Rfd8 18. Rxc6 Qxc6 19. Rc1 Qb7 20. Rxc7 Qb8 21. g3 e5 22. Nxe5 Nxe5 23. Bxe5 Nd5 24. exd5 1-0

[Event "Dubai op"]
[Site "Dubai"]
[Date "2002.04.15"]
[Round "1"]
[White "Hamed, Ahmed"]
[Black "Vladimirov, Yevgeniy"]
[Result "0-1"]
[WhiteElo "2338"]
[BlackElo "2605"]
[PlyCount "71"]
[EventDate "2002.04.15"]
[EventType "swiss"]
[EventRounds "9"]
[EventCountry "UAE"]
[SourceTitle "CBM 087 Extra"]
[Source "ChessBase"]
[SourceDate "2002.05.03"]
[SourceVersion "2"]
[SourceVersionDate "2002.08.09"]
[SourceQuality "1"]

1. e4 c5 2. c3 Nf6 3. e5 Nd5 4. d4 cxd4 5. cxd4 Nc6 6. Nf3 d6 7. Bc4 Nb6 8. Bb5 Bd7 9. exd6 exd6 10. d5 Ne5 11. Bxd7+ Qxd7 12. 0-0 Be7 13. Nc3 0-0 14. Be3 Nbc4 15. Nxe5 dxe5 16. Qe2 Rfc8 17. Rfd1 f5 18. Rac1 Nd6 19. Rc2 Rc7 20. Rdc1 f4 21. Bd2 Nf5 22. Qxe5 Bd6 23. Qe4 Re8 24. Qd3 f3 25. Qxf3 Nd4 26. Qd1 Nxc2 27. Rxc2 Qf5 28. Be3 Rc4 29. g3 a6 30. Rd2 h5 31. Rd4 Rxd4 32. Qxd4 Qf3 33. Qa4 Re7 34. Qc4 h4 35. h3 Bc5 36. d6+ 0-1

[Event "Asia Cities-ch 13th"]
[Site "Aden"]
[Date "2002.02.09"]
[Round "3"]
[White "Vladimirov, Yevgeniy"]
[Black "Barsov, Alexei"]
[Result "1-0"]
[WhiteElo "2592"]
[BlackElo "2527"]
[PlyCount "77"]
[EventDate "2002.02.07"]
[EventType "team-swiss"]
[EventRounds "9"]
[EventCountry "YEM"]
[SourceTitle "EXT 2020"]
[Source "ChessBase"]
[SourceDate "2019.10.17"]
[SourceVersion "1"]
[SourceVersionDate "2019.10.17"]
[SourceQuality "1"]
[WhiteTeam "Pavlodar"]
[BlackTeam "Namangan"]
[WhiteTeamCountry "KAZ"]
[BlackTeamCountry "UZB"]

1. d4 Nf6 2. c4 e6 3. Nf3 d5 4. g3 dxc4 5. Bg2 a6 6. 0-0 Nc6 7. e3 Bd7 8. Nc3 Rb8 9. Ne5 Na5 10. Bd2 Bb4 11. Ne4 Bxd2 12. Qxd2 b6 13. Rfc1 0-0 14. Nxf6+ gxf6 15. Nxc4 Nxc4 16. Rxc4 Bb5 17. Rc2 c5 18. a4 Be8 19. Rc4 f5 20. Qc2 Qf6 21. Rd1 cxd4 22. Rcxd4 Qe5 23. b4 a5 24. b5 f6 25. Rd6 Bh5 26. R1d4 Rfc8 27. Bc6 Bf7 28. Qc3 Kf8 29. Rd7 f4 30. exf4 Qh5 31. Ra7 Kg7 32. Rd6 Qf5 33. Qe3 Kg8 34. Kg2 Rf8 35. Bd7 Qc2 36. Bxe6 Qxa4 37. Bxf7+ Rxf7 38. Rxf7 Kxf7 39. Qe6+ 1-0

[Event "Asia Cities-ch 13th"]
[Site "Aden"]
[Date "2002.02.08"]
[Round "2"]
[White "Antonio, Rogelio Jr"]
[Black "Vladimirov, Yevgeniy"]
[Result "0-1"]
[WhiteElo "2519"]
[BlackElo "2592"]
[PlyCount "76"]
[EventDate "2002.02.07"]
[EventType "team-swiss"]
[EventRounds "9"]
[EventCountry "YEM"]
[SourceTitle "EXT 2020"]
[Source "ChessBase"]
[SourceDate "2019.10.17"]
[SourceVersion "1"]
[SourceVersionDate "2019.10.17"]
[SourceQuality "1"]
[WhiteTeam "Manila"]
[BlackTeam "Pavlodar"]
[WhiteTeamCountry "PHI"]
[BlackTeamCountry "KAZ"]

1. e4 c5 2. Nf3 Nc6 3. Bb5 g6 4. Bxc6 dxc6 5. 0-0 Bg7 6. d3 Nf6 7. h3 0-0 8. Re1 Ne8 9. e5 Nc7 10. Be3 b6 11. Qc1 f5 12. exf6 exf6 13. Bh6 Be6 14. Bxg7 Kxg7 15. Nc3 Qd7 16. a3 Rae8 17. b4 Nd5 18. Qb2 Bxh3 19. gxh3 Nf4 20. Qc1 Rxe1+ 21. Nxe1 Qd4 22. Rb1 g5 23. Rb3 Re8 24. Qd2 c4 25. Rb1 Qxc3 26. Qxc3 Ne2+ 27. Kf1 Nxc3 28. Ra1 cxd3 29. cxd3 Re6 30. Rc1 Ne2 31. Rc4 b5 32. Rg4 h5 33. Rg2 h4 34. Nf3 Nf4 35. Rg4 Rd6 36. d4 Kf7 37. Rxf4 gxf4 38. Ke2 Rd8 0-1